Sports Quiz

Random Sports or Football Quiz
Score 0/47 Timer 15:00
0 Plays Today
Compétition Club % Correct
Supercoupe d'Espagne allerReal Madrid
97.8%
Supercoupe d'Espagne retourReal Madrid
97.8%
Octobre / LigaReal Madrid
97.8%
LigaAtlético Madrid
94%
LigaAtlético Madrid
94%
LigaBetis Séville
89.3%
LigaBetis Séville
89.3%
LigaFC Séville
87.3%
LigaValence
83.5%
LigaAthletic Bilbao
73.7%
Coupe d'EspagneAthletic Bilbao
73.7%
LigaAthletic Bilbao
73.7%
AmicalBrésil
63.4%
Février / LigaReal Sociedad
60.5%
LigaReal Sociedad
60.5%
LigaEspanyol Barcelone
59.3%
Avril / Ligue des championsMilan AC
58.5%
LigaGetafe
57.4%
LigaGetafe
57.4%
Elim. CDM 2014Uruguay
53.3%
Elim. CDM 2014Chili
51%
LigaMalaga
48.6%
Mai / LigaMalaga
48.6%
LigaDeportivo La Corogne
47.4%
Compétition Club % Correct
Septembre / Elim. CDM 2014Paraguay
44.5%
LigaMajorque
42.2%
LigaMajorque
42.2%
LigaReal Valladolid
41.7%
Ligue des championsBayer Leverkusen
40.6%
Mars / Ligue des championsBayer Leverkusen
40.6%
LigaLevante
39.6%
LigaLevante
39.6%
Janvier / Coupe d'EspagneOsasuna
38.3%
LigaOsasuna
38.3%
LigaGrenade
36.3%
LigaReal Saragosse
31%
LigaReal Saragosse
31%
Juin / Elim. CDM 2014Equateur
28.7%
LigaRacing Santander
26.1%
LigaRayo Vallecano
26%
LigaRayo Vallecano
26%
Novembre / Ligue des championsCeltic Glasgow
24.8%
Ligue des championsSpartak Moscou
18.7%
Ligue des championsSpartak Moscou
18.7%
Août / AmicalAllemagne
17.8%
Coupe d'EspagneCordoue
10.3%
AmicalSuisse
7.4%
Remove Ads.
Support Sporcle.
Get the best of Sporcle when you Go Orange. This ad-free experience offers more features, more stats, and more fun while also helping to support Sporcle. Thank you for becoming a member.

You're not logged in!

Compare scores with friends on all Sporcle quizzes.
OR
Log In

Sporcle TV

Today on Sporcle TV


Watch our educational content, quiz creation guides, and fun videos on Sporcle TV.

Show Comments

Extras

Created May 26, 2020ReportNominate
Tags:Football Quiz

Top Quizzes Today


Score Distribution

Paid Content

Your Account Isn't Verified!

In order to create a playlist on Sporcle, you need to verify the email address you used during registration. Go to your Sporcle Settings to finish the process.

Report this User

Report this user for behavior that violates our Community Guidelines.

Details: